header

The Dutch response to HIV (Record no. 32156)

MARC details
000 -LEADER
fixed length control field 01423nam a2200373Ia 4500
082 04 - DEWEY DECIMAL CLASSIFICATION NUMBER
Classification number 362.1/969792/009492
245 04 - TITLE STATEMENT
Title The Dutch response to HIV
260 ## - PUBLICATION, DISTRIBUTION, ETC. (IMPRINT)
Place of publication London ;
-- Bristol, PA :
Name of publisher UCL Press,
Year of publication 1998.
300 ## - PHYSICAL DESCRIPTION
Number of Pages xvi, 271 p. :
Other physical details ill.
490 1# - SERIES STATEMENT
Series statement Social aspects of AIDS
650 #0 - SUBJECT ADDED ENTRY--TOPICAL TERM
Topical Term AIDS (Disease)
Topical Term HIV infections
Topical Term HIV infections
700 1# - ADDED ENTRY--PERSONAL NAME
Personal name Sandfort, Theo,
856 40 - ELECTRONIC LOCATION AND ACCESS
Uniform Resource Identifier http://site.ebrary.com/lib/rucke/Doc?id=10071146

No items available.

© 2026 Rongo University
Contact us: librarian | system librarian | Rongo university